000 00411nam a22001697a 4500
003 MPLRDC
005 20220104151224.0
008 210129b ||||| |||| 00| 0 eng d
082 _a220.15 LHHF
100 _a了凡弘法学会译整
245 _a如何面对两性关系
_c
250 _a初版
260 _a
_b马来西亚净宗学会
_c2004
300 _b
650 _a
942 _cBK
_o220.15 LHHF
999 _c52261
_d52251